[Event "Bad Sooden-Allendorf Seniors op 15th"]
[Site "Bad Sooden-Allendorf"]
[Date "2003.05.02"]
[Round "5"]
[White "Treiber, Hanna"]
[Black "Schmidtheisser, Peter"]
[Result "0-1"]
[WhiteElo "1368"]
[BlackElo "1500"]
[PlyCount "102"]
[EventDate "2003.05.??"]
[EventType "swiss"]
[EventRounds "9"]
[EventCountry "GER"]
[SourceTitle "EXT 2006"]
[Source "ChessBase"]
[SourceDate "2005.11.24"]
[SourceVersion "1"]
[SourceVersionDate "2005.11.24"]
[SourceQuality "1"]

1. d4 d5 2. Bf4 Bf5 3. e3 e6 4. c4 Bxb1 5. Rxb1 Bb4+ 6. Ke2 Bd6 7. Bxd6 Qxd6 8. Qa4+ c6 9. c5 Qc7 10. Nf3 Nf6 11. g3 Ne4 12. Bg2 0-0 13. Rhd1 Nd7 14. Qc2 e5 15. dxe5 Nexc5 16. b4 Ne6 17. Qb2 Nb6 18. Nd2 Rad8 19. f4 d4 20. exd4 Nxd4+ 21. Ke1 Nb5 22. Qb3 Nd5 23. Ne4 Qb6 24. Nc5 Nbc3 25. Bxd5 Nxd5 26. a3 Rfe8 27. Kf2 a5 28. Kf3 axb4 29. axb4 h6 30. Ne4 f5 31. Nd6 Rxd6 32. exd6 Re3+ 33. Qxe3 Qxe3+ 34. Kg2 Qe6 35. Re1 Qxd6 36. Re8+ Kf7 37. Re5 Nxb4 38. Rxf5+ Kg6 39. Re5 Qd3 40. Rbe1 Nd5 41. f5+ Kh7 42. Kh3 Nf6 43. R1e3 Qf1+ 44. Kh4 Qd1 45. Kh3 Qf1+ 46. Kh4 h5 47. Re1 Qc4+ 48. Kh3 Ng4 49. R5e2 Qd3 50. Re3 Qxf5 51. R1e2 Nxe3+ 0-1

[Event "Bad Sooden-Allendorf Seniors op 14th"]
[Site "Bad Sooden-Allendorf"]
[Date "2002.04.24"]
[Round "3"]
[White "Strozewski, Guenter"]
[Black "Treiber, Hanna"]
[Result "1-0"]
[WhiteElo "1556"]
[BlackElo "1444"]
[PlyCount "79"]
[EventDate "2002.04.??"]
[EventType "swiss"]
[EventRounds "9"]
[EventCountry "GER"]
[SourceTitle "EXT 2006"]
[Source "ChessBase"]
[SourceDate "2005.11.24"]
[SourceVersion "1"]
[SourceVersionDate "2005.11.24"]
[SourceQuality "1"]

1. Nf3 d5 2. e4 dxe4 3. Ng5 g6 4. Nxe4 Bg7 5. Bc4 e6 6. 0-0 Nc6 7. d3 h6 8. Re1 Nge7 9. Nbc3 a6 10. Bf4 b5 11. Bb3 Nd4 12. Rb1 0-0 13. Ne2 Nxb3 14. axb3 e5 15. Bd2 Nc6 16. N2g3 f5 17. Nc3 Bb7 18. Nce2 Qd5 19. f3 Rae8 20. Kh1 Nd4 21. c4 Qd7 22. Nxd4 exd4 23. Bb4 Rf7 24. Qd2 Qc8 25. Bc5 Kh7 26. Ne2 Rd8 27. Nf4 Re8 28. Qf2 Qd7 29. Rxe8 Qxe8 30. Bxd4 Bxd4 31. Qxd4 Re7 32. Qf2 c6 33. h4 h5 34. Qg3 Re3 35. Rf1 c5 36. Qg5 Re1 37. Rxe1 Qxe1+ 38. Kh2 Qe8 39. Qf6 Bxf3 40. gxf3 1-0

[Event "Bad Sooden-Allendorf Seniors op 14th"]
[Site "Bad Sooden-Allendorf"]
[Date "2002.04.23"]
[Round "2"]
[White "Treiber, Hanna"]
[Black "Vogel, Wolfgang"]
[Result "0-1"]
[WhiteElo "1444"]
[BlackElo "1650"]
[PlyCount "80"]
[EventDate "2002.04.??"]
[EventType "swiss"]
[EventRounds "9"]
[EventCountry "GER"]
[SourceTitle "EXT 2006"]
[Source "ChessBase"]
[SourceDate "2005.11.24"]
[SourceVersion "1"]
[SourceVersionDate "2005.11.24"]
[SourceQuality "1"]

1. d4 Nf6 2. Bf4 g6 3. e3 d5 4. c4 Bg7 5. Nc3 0-0 6. cxd5 Nxd5 7. Nxd5 Qxd5 8. Nf3 c5 9. b3 Nc6 10. Bc4 Qd8 11. 0-0 cxd4 12. exd4 Nxd4 13. Rc1 Bg4 14. Re1 Nxf3+ 15. gxf3 Qxd1 16. Rcxd1 Bxf3 17. Rd7 e6 18. Re3 Bc6 19. Rd6 Rad8 20. Red3 Rxd6 21. Rxd6 Bf6 22. Be3 Be7 23. Rd1 b5 24. Be2 a6 25. Bb6 Rc8 26. Rc1 Bb7 27. Rxc8+ Bxc8 28. f4 Bd6 29. Be3 Bb7 30. Kf2 f5 31. h4 Kf7 32. Kg3 Kf6 33. Bd4+ e5 34. fxe5+ Bxe5+ 35. Bxe5+ Kxe5 36. Kf2 Kf4 37. a4 bxa4 38. bxa4 a5 39. Bb5 Bd5 40. Be8 Kg4 0-1